Catálogo
 En Linea

En Torno a la Educación Comparada / (Registro nro. 44241)

Detalles MARC
000 -CABECERA
campo de control de longitud fija 01167nam a2200265 a 4500
001 - NÚMERO DE CONTROL
campo de control 000044752
005 - FECHA Y HORA DE LA ÚLTIMA TRANSACCIÓN
campo de control 20201002045611.0
008 - DATOS DE LONGITUD FIJA--INFORMACIÓN GENERAL
campo de control de longitud fija 150109s2013 dr 000 0 spa d
020 ## - NÚMERO INTERNACIONAL ESTÁNDAR DEL LIBRO
Número Internacional Estándar del Libro 9789945447958
020 ## - NÚMERO INTERNACIONAL ESTÁNDAR DEL LIBRO
Número Internacional Estándar del Libro 9789945447989
020 ## - NÚMERO INTERNACIONAL ESTÁNDAR DEL LIBRO
Número Internacional Estándar del Libro 9789945447965
040 ## - FUENTE DE LA CATALOGACIÓN
Centro catalogador/agencia de origen DO-SdBNP
Lengua de catalogación spa
Centro/agencia transcriptor BNPHU
100 1# - ENTRADA PRINCIPAL--NOMBRE DE PERSONA
Nombre de persona De la Cruz, María Hortensia
Fechas asociadas al nombre 1944 -
9 (RLIN) 72755
245 10 - MENCIÓN DE TÍTULO
Título En Torno a la Educación Comparada /
Mención de responsabilidad, etc. María Hortensia De la Cruz.
260 ## - PUBLICACIÓN, DISTRIBUCIÓN, ETC.
Lugar de publicación, distribución, etc. Santo Domingo, :
Nombre del editor, distribuidor, etc. Universitaria,
Fecha de publicación, distribución, etc. 2013.
300 ## - DESCRIPCIÓN FÍSICA
Extensión 3 t.
490 1# - MENCIÓN DE SERIE
Mención de serie En torno a la educación comparada
504 ## - NOTA DE BIBLIOGRAFÍA, ETC.
Nota de bibliografía, etc. Bibliografía p. 39
Enlace entre campo y número de secuencia t. 1
504 ## - NOTA DE BIBLIOGRAFÍA, ETC.
Nota de bibliografía, etc. Bibliografía p. 81-83
Enlace entre campo y número de secuencia t. 2
504 ## - NOTA DE BIBLIOGRAFÍA, ETC.
Nota de bibliografía, etc. Bibliografía p. 45-48
Enlace entre campo y número de secuencia t. 3
505 0# - NOTA DE CONTENIDO CON FORMATO
Título Actividades pioneras en la facultad de humanidades, UASD
Información miscelánea t. 1
Título Antecedentes institucionales para un propósito
Información miscelánea t. 2
Título Comentario a la obra metodologíca comparativã în educatie si învâtâmînt pedagogia comparatâ del Dr. Stanciu Stoian
590 ## - NOTA LOCAL (RLIN)
Nota local La biblioteca posee nueve (9) ejemplares autografíados por la autora
500 ## - NOTA GENERAL
Nota general Incluye datos biografícos de la autora en la contraportada
830 #0 - PUNTO DE ACCESO ADICIONAL DE SERIE-TÍTULO UNIFORME
Título uniforme En torno a la educación comparada
9 (RLIN) 72756
Existencias
Estado de retiro Estado de pérdida No para préstamo Código de colección Localización permanente Ubicación/localización actual Ubicación en estantería Fecha de adquisición Número de inventario Total de préstamos Signatura topográfica completa Código de barras Fecha visto por última vez Precio válido a partir de Tipo de ítem Koha
    Excluido de préstamo Patrimonio Dominicano General General En catalogación 09.01.2015 LF1   t. 1, e. 3 44752-30 25.06.2020 25.06.2020 Libro y Folleto Colección Patrimonio Dominicano
    Excluido de préstamo Patrimonio Dominicano General General En catalogación 09.01.2015 LF1   t. 2, e. 3 44752-60 25.06.2020 25.06.2020 Libro y Folleto Colección Patrimonio Dominicano
    Excluido de préstamo Patrimonio Dominicano General General En catalogación 09.01.2015 LF1   t. 3, e. 3 44752-90 25.06.2020 25.06.2020 Libro y Folleto Colección Patrimonio Dominicano
    Excluido de préstamo Patrimonio Dominicano Patrimonio Dominicano Patrimonio Dominicano En catalogación 09.01.2015 LF1   t. 1 44752-10 25.06.2020 25.06.2020 Libro y Folleto Colección Patrimonio Dominicano
    Excluido de préstamo Patrimonio Dominicano Patrimonio Dominicano Patrimonio Dominicano En catalogación 09.01.2015 LF1   t. 1, e. 2 44752-20 25.06.2020 25.06.2020 Libro y Folleto Colección Patrimonio Dominicano
    Excluido de préstamo Patrimonio Dominicano Patrimonio Dominicano Patrimonio Dominicano En catalogación 09.01.2015 LF1   t. 2 44752-40 25.06.2020 25.06.2020 Libro y Folleto Colección Patrimonio Dominicano
    Excluido de préstamo Patrimonio Dominicano Patrimonio Dominicano Patrimonio Dominicano En catalogación 09.01.2015 LF1   t. 2, e. 2 44752-50 25.06.2020 25.06.2020 Libro y Folleto Colección Patrimonio Dominicano
    Excluido de préstamo Patrimonio Dominicano Patrimonio Dominicano Patrimonio Dominicano En catalogación 09.01.2015 LF1   t. 3 44752-70 25.06.2020 25.06.2020 Libro y Folleto Colección Patrimonio Dominicano
    Excluido de préstamo Patrimonio Dominicano Patrimonio Dominicano Patrimonio Dominicano En catalogación 09.01.2015 LF1   t. 3, e. 2 44752-80 25.06.2020 25.06.2020 Libro y Folleto Colección Patrimonio Dominicano

Con tecnología Koha